[Event "Berliner Sommer 13th"]
[Site "Berlin"]
[Date "1995.??.??"]
[Round "2"]
[White "Drieschner, Michael"]
[Black "Husted, Peter"]
[Result "0-1"]
[WhiteElo "1810"]
[BlackElo "2210"]
[PlyCount "63"]
[EventDate "1995.08.??"]
[EventType "swiss"]
[EventRounds "9"]
[EventCountry "GER"]
[SourceTitle "CBM 047 Extra"]
[Source "ChessBase"]
[SourceDate "1995.09.01"]
[SourceVersion "1"]
[SourceVersionDate "1995.09.01"]
[SourceQuality "1"]

1. e4 c5 2. f4 d5 3. e5 Nc6 4. Nf3 Bg4 5. Be2 e6 6. 0-0 Nge7 7. b3 Nf5 8. Bb2 h5 9. c3 g6 10. Qc2 Bh6 11. g3 Bh3 12. Rf2 h4 13. g4 Bxg4 14. Na3 Bxf4 15. c4 d4 16. Qe4 Bxf3 17. Bxf3 Qg5+ 18. Rg2 Qh6 19. Nb5 0-0 20. Nc7 Rac8 21. Nd5 exd5 22. Qxf5 Nxe5 23. Bxd5 h3 24. Rg4 Nxg4 25. Qxg4 Qg5 26. Qxg5 Bxg5 27. d3 b6 28. Rf1 Rce8 29. Be4 f5 30. Bd5+ Kg7 31. Kf2 Bh4+ 32. Kf3 0-1